00669nam a2200157 a 4500008004100000050001500041100002600056245010800082246001600190260003300206300002000239350000900259995009500268999001700363952013100380120416s1969 ||||||||||||||||| || u aTJ 265 Pro aKutateladze, Samson S10aProblems of heat transfer and hydraulics of two-phase mediacedited in the Russian by S. S. Kutateladze aa symposium aOxfordbPergamon Pressc1969 ax, 491p. : ill. a0.00 D0.00FCBU-MAIN LIBRARY (Kitwe)H1I8.25M1UAVAILABLEZMain Library Open Access Collection c54800d54800 00102lcc4070a001b001cMain Library Open Access Collectiond2022-11-30l0oTJ 265 Prop017768r2022-11-30w2022-11-30y002